| 000 | 00557nam a2200181 i 4500 | ||
|---|---|---|---|
| 001 | 142193 | ||
| 003 | ES-MaACL | ||
| 005 | 20240228151649.0 | ||
| 007 | t| | ||
| 008 | 071003s1913 sp ||||1| spa d | ||
| 100 | 1 |
_aVillanueva, Carlos A. _9115017 |
|
| 245 | 1 | 3 |
_aLa monarquía en América _b: Fernando VII y los nuevos estados / _cCarlos A. Villanueva. |
| 260 |
_aChartres : _bGarnier, _c[1913] |
||
| 300 |
_a292 p. ; _c20 cm. |
||
| 651 | 4 |
_aEspaña- _xHistoria- _y1814-1833, Fernando VII _98248 |
|
| 852 |
_aES-MaACL _jF-4313 |
||
| 999 |
_c142193 _d142193 |
||